Arte política, ciencia de gobierno y consolidación nacional /
Guardado en:
| 主要作者: | |
|---|---|
| 格式: | Texto |
| 主題: | |
| 標簽: |
添加標簽
沒有標簽, 成為第一個標記此記錄!
|
MARC
| LEADER | 00000 a a2200000 04500 | ||
|---|---|---|---|
| 001 | 18289 | ||
| 003 | |||
| 040 | |||
| 100 | |a Montiel, Edgar | ||
| 245 | |a Arte política, ciencia de gobierno y consolidación nacional / |c Edgar Montiel | ||
| 650 | |a GOBIERNO | ||
| 650 | |a INCA | ||
| 650 | |a ESTRUCTURA ORGANIZACIONAL | ||
| 650 | |a PERUANOS | ||
| 650 | |a HISTORIA SOCIAL | ||
| 650 | |a CRISIS POLITICA | ||
| 773 | |g número 98; páginas 89-102 | ||
| 999 | |c 30005 |d 30005 | ||
